Science Quiz

Random Science or Computer Quiz
Score 0/16 Timer 06:00
0 Plays Today
Clue Unit % Correct
The SI unit of force.newton
86.9%
The SI unit of electrical resistance.ohm
83.1%
A unit of length, equal to 10-9 metres.nanometre
81.5%
A unit of length used at sea, defined as the average distance on the Earth's surface represented by one minute of latitude; in reality it is set at exactly 1852 metres.nautical mile
66.2%
An imperial unit of mass.ounce
60.8%
A unit of quantity equal to 8.octet
53.1%
The SI unit of torque.newton metre
46.9%
A unit used in music, to describe the ratio in frequency between notes.octave
43.8%
Clue Unit % Correct
A unit of quantity equal to 9.nonet
43.1%
An informal unit of distance used to measure the distance one horse leads another at the end of a race.neck
39.2%
The basic unit of relative time in music, equal to 1/2a breve.note
30.8%
A unit of information, equal to 1/2 byte.nibble
30%
A unit of volume for wine, equal to 20 litres.nebuchadnezzar
20.8%
An old English unit of length, used in the measurement of cloth; equal to 1/20 of an ell, or 1/16 of a yard.nail
15.4%
The CGS unit of magnetic flux density.oersted
13.1%
A unit of proportion used in meteorology to describe the fraction of the sky covered by clouds.okta
8.5%
Come Together.
Have Fun.
All Virtual.
We all need to come together. Play Sporcle's virtual live trivia to have fun, connect with people, and get your trivia on. Join a live hosted trivia game for your favorite pub trivia experience done virtually. If a virtual private party is more your thing, go here for details.

You're not logged in!

Compare scores with friends on all Sporcle quizzes.
OR
Log In

Sporcle TV

Today on Sporcle TV


Watch our educational content, quiz creation guides, and fun videos on Sporcle TV.

Show Comments

Extras

Top Quizzes Today


Score Distribution

Paid Content

Your Account Isn't Verified!

In order to create a playlist on Sporcle, you need to verify the email address you used during registration. Go to your Sporcle Settings to finish the process.

Report this User

Report this user for behavior that violates our Community Guidelines.

Details: